University Home | Library Home | Institutional Repository

Programme on the occasion of Parliament Day, National Assembly of Zambia, parliament buildings, Lusaka: (Record no. 216500)

MARC details
000 -LEADER
fixed length control field 00837nam a22001817a 4500
005 - DATE AND TIME OF LATEST TRANSACTION
control field 20260327102551.0
008 - FIXED-LENGTH DATA ELEMENTS--GENERAL INFORMATION
fixed length control field 260327b ||||| |||| 00| 0 eng d
040 ## - CATALOGING SOURCE
Original cataloging agency LC
Transcribing agency UNZA
Modifying agency UNZA
Description conventions RDA
099 ## - LOCAL FREE-TEXT CALL NUMBER (OCLC)
Classification number GOV.ZAM (02) 2025
110 ## - MAIN ENTRY--CORPORATE NAME
Corporate name or jurisdiction name as entry element National Assembly of Zambia
245 ## - TITLE STATEMENT
Title Programme on the occasion of Parliament Day, National Assembly of Zambia, parliament buildings, Lusaka:
Remainder of title taking parliament closer to the people, strengthening democratic governance through public engagements /
Statement of responsibility, etc. National Assembly of Zambia
260 ## - PUBLICATION, DISTRIBUTION, ETC.
Place of publication, distribution, etc. Lusaka :
Name of publisher, distributor, etc. National Assembly of Zambia,
Date of publication, distribution, etc. 23, May, 2025.
300 ## - PHYSICAL DESCRIPTION
Extent 32 pages :
Other physical details illustraions.
650 ## - SUBJECT ADDED ENTRY--TOPICAL TERM
Topical term or geographic name entry element National Assembly
General subdivision Political science
-- Political sociology
-- Citizenship
Geographic subdivision Zambia.
650 ## - SUBJECT ADDED ENTRY--TOPICAL TERM
Topical term or geographic name entry element Legislative bodies
Geographic subdivision Zambia.
650 ## - SUBJECT ADDED ENTRY--TOPICAL TERM
Topical term or geographic name entry element Politics and government
Geographic subdivision Zambia.
999 ## -
-- 216500
-- 216500
942 ## - ADDED ENTRY ELEMENTS (KOHA)
Koha item type Government Publications
Holdings
Withdrawn status Lost status Source of classification or shelving scheme Damaged status Not for loan Home library Current library Shelving location Date acquired Total Checkouts Full call number Barcode Date last seen Copy number Price effective from Koha item type
    Library of Congress Classification     Main Library Main Library Special collections 03/27/2026   GOV. ZAM (02) 2025 33729006793421 03/27/2026 C.1 03/27/2026 Government Publications
© 2026 - The University of Zambia Library - Koha v25.11